Contos de shakespeare (Record no. 183515)

MARC details
000 -LÍDER
campo de controle de tamanho fixo 00368 a2200169 4500
001 - NÚMERO DE CONTROLE
campo de controle 183515
020 ## - ISBN - INTERNATIONAL STANDARD BOOK NUMBER
ISBN - International Standard Book Number 85-00-00582-3
040 ## - FONTE DA CATALOGAÇÃO
Instituição que transcreveu o registro Magnum
100 ## - ENTRADA PRINCIPAL--NOME PESSOAL
Nome pessoal Shakespeare
240 10 - TÍTULO UNIFORME
Título uniforme Contos de shakespeare
Idioma da obra por
245 10 - TÍTULO
Título Contos de shakespeare
300 ## - DESCRIÇÃO FÍSICA
Extensão 72
362 0# - DATAS DE PUBLICAÇÃO E/OU DESIGNAÇÃO SEQUENCIAL
Datas de publicação e/ou designação sequencial 2003
440 #1 - DECLARAÇÃO DE SÉRIE/ENTRADA ADICIONADA--TÍTULO
Título Ediouro
697 ## - ENTRADA DE ASSUNTO LOCAL--ENTIDADE COLETIVA (RLIN)
Nome corporativo ou nome da jurisdição LITERATURA JUVENIL ESTRANGEIRA
942 ## - ELEMENTOS DE ENTRADA ADICIONADOS (KOHA)
Tipo de material Koha Livros
Holdings
Situação do descarte Situação das perdas Situação física Não pode ser emprestado Biblioteca de origem Biblioteca atual Data de aquisição Total de empréstimos Número de chamada completo Código de barras Data de último acesso Data do preço efetivo Tipo de material Koha
        Magnum Magnum 08/06/2024   890.3.1 MAG00039486 08/06/2024 08/06/2024 Livros
        Magnum Magnum 08/06/2024   890.3.1 MAG00039487 08/06/2024 08/06/2024 Livros
        Magnum Magnum 08/06/2024   890.3.1 MAG00039488 08/06/2024 08/06/2024 Livros
        Magnum Magnum 08/06/2024   890.3.1 MAG00039489 08/06/2024 08/06/2024 Livros
        Magnum Magnum 08/06/2024   890.3.1 MAG00039490 08/06/2024 08/06/2024 Livros
        Magnum Magnum 08/06/2024   890.3.1 MAG00039491 08/06/2024 08/06/2024 Livros
        Magnum Magnum 08/06/2024   890.3.1 MAG00039492 08/06/2024 08/06/2024 Livros
        Magnum Magnum 08/06/2024   890.3.1 MAG00039493 08/06/2024 08/06/2024 Livros
        Magnum Magnum 08/06/2024   890.3.1 MAG00039494 08/06/2024 08/06/2024 Livros
        Magnum Magnum 08/06/2024   890.3.1 MAG00039495 08/06/2024 08/06/2024 Livros
        Magnum Magnum 08/06/2024   890.3.1 MAG00039500 08/06/2024 08/06/2024 Livros
        Magnum Magnum 08/06/2024   890.3.1 MAG00039501 08/06/2024 08/06/2024 Livros